Building Bridges V Quiz Stats

 Plays Quiz Updated Apr 3, 2020

Support Sporcle.
Go Orange.
Score 0/51 Timer 06:00
2 Plays Today
% Correct
???
82.2%
???
80.5%
???
79.7%
???
73.1%
???
72.7%
???
71.7%
???
70.6%
???
69%
???
68.6%
???
66.4%
???
64.9%
???
64%
???
63.2%
???
63.1%
???
62.5%
???
62.1%
???
61.1%
???
60.7%
???
59.7%
???
57.7%
???
57.6%
???
56.6%
???
56.1%
???
56.1%
???
55.6%
???
55.4%
% Correct
???
54.8%
???
53.6%
???
53%
???
52.6%
???
51.6%
???
49.8%
???
49.4%
???
49.1%
???
48.4%
???
48.3%
???
48.2%
???
47.8%
???
47.4%
???
47.3%
???
46.7%
???
46.6%
???
46.3%
???
46.2%
???
46%
???
45.8%
???
45.4%
???
45.4%
???
45.4%
???
44.5%
???
43.4%

From the Vault

'G' Cartoon Characters by Picture

by THEJMAN

Good golly, these guys are great!
Remove Ads.
Support Sporcle.
Get the best of Sporcle when you Go Orange. This ad-free experience offers more features, more stats, and more fun while also helping to support Sporcle. Thank you for becoming a member.

Show Comments

Extras

Top Quizzes Today


Score Distribution

Your Account Isn't Verified!

In order to create a playlist on Sporcle, you need to verify the email address you used during registration. Go to your Sporcle Settings to finish the process.

Report this User

Report this user for behavior that violates our Community Guidelines.

Details: